Statistics for Countries Bordering China AND India

Click here to take the quiz!

General Stats

  • This quiz has been taken 103 times
  • The average score is 5 of 5

Answer Stats

Answer% Correct
Nepal
100%
Pakistan
96%
Myanmar
95%
Bhutan
94%
Afghanistan
79%

Score Distribution

Percentile by Number Answered

Percent of People with Each Score

Your Score History

You have not taken this quiz